| 000 | 00507nam a2200169Ia 4500 | ||
|---|---|---|---|
| 003 | GCL | ||
| 008 | 140319s9999 xx 000 0 ara d | ||
| 040 |
_aGCL / _cGCL |
||
| 082 | 0 | 4 |
_a792.343 _bر ا |
| 100 | 1 | _aراتب احمد قبيعة | |
| 245 | 1 | 0 |
_aالاسكواش : رياضة الفن والحركة / _cراتب احمد قبيعة |
| 700 | 1 | _aخالد الكردى | |
| 490 |
_aسلاسل سوفنير _v0 |
||
| 650 | 0 | 4 | _aالعاب الكرة |
| 650 | 0 | 4 | _aالاسكواش |
| 942 |
_2ddc _cBK |
||
| 999 |
_c47861 _d47861 |
||